The concept of Bharatavarsha : (Record no. 170490)

MARC details
000 -LEADER
fixed length control field 00621nam a2200193 4500
005 - DATE AND TIME OF LATEST TRANSACTION
control field 20191216171038.0
010 ## - LCCN (DPL NO)
LC control number ENG-127159
020 ## - INTERNATIONAL STANDARD BOOK NUMBER
International Standard Book Number 9788178245478
Terms of availability 595.00
035 ## - SYSTEM CONTROL NUMBER
System control number EN-110691
037 ## - SOURCE OF ACQUISITION
Source of stock number/acquisition DBAD/PUB
082 ## - DEWEY DECIMAL CLASSIFICATION NUMBER
Classification number 954.007
100 ## - MAIN ENTRY--PERSONAL NAME
Personal name Chattopadhyaya, B.D
245 ## - TITLE STATEMENT
Title The concept of Bharatavarsha :
Statement of responsibility, etc by B.D.Chattopadhyaya
Remainder of title and other essays /
260 ## - PUBLICATION, DISTRIBUTION, ETC. (IMPRINT)
Place of publication, distribution, etc Ranikhet
Name of publisher, distributor, etc Permanent Black
Date of publication, distribution, etc 2017
270 ## - ADDRESS
Address Himalayana, Mall Road, Ranikhet Cantt
City Ranikhet
Postal code 263645
Electronic mail address perblack@gmail.com
300 ## - PHYSICAL DESCRIPTION
Extent ix;238p .
Dimensions 21cm(pbk)
500 ## - GENERAL NOTE
General note Includes index
942 ## - ADDED ENTRY ELEMENTS (KOHA)
Source of classification or shelving scheme Dewey Decimal Classification
Item type English Books
Classification part 954.007
Call number suffix CHA
Holdings
Withdrawn status Lost status Not for loan Collection code Home library Current library Date acquired Source of acquisition Cost, normal purchase price Full call number Barcode Copy number Cost, replacement price Koha item type
      Non-fiction Ashok Vihar Ashok Vihar 16/12/2019 DBAD/PUB 595.00 954.007 CHA EN-110691 1 595.00 English Books

© Delhi Public Library
Hit Counter
free hit counter